00596nam a2200181 i 450000100060000000300090000600500170001500700030003200800410003510000360007624500560011225000150016826000380018330000220022185200320024399900170027595201220029226486ES-MaACL20230906153442.0t|030109s1970 sp ||||1| cat d1 aArquimbau, Rosa María.92320013aLa pau és un interval / cRosa María Arquimbau. a[1ª ed.]. a[Barcelona : bPáortic, c1970] a130 p. ; c18 cm. aES-MaACLjC-44894 bR.74556 c26486d26486 00104070aATENEOMbATENEOMcDEPO2d2008-01-17eSCl0oC-44894p1027336r2023-02-23 00:00:00w2023-02-23yMONOGRAFIA